[Event "Centralserbian-chT 2020"]
[Site "Bajina basta"]
[Date "2020.10.13"]
[Round "5.3"]
[White "Solomunovic, Igor"]
[Black "Savic, Miodrag R"]
[Result "1/2-1/2"]
[WhiteElo "2355"]
[BlackElo "2433"]
[Annotator "TA"]
[PlyCount "49"]
[EventDate "2020.10.10"]
[EventType "team-tourn"]
[EventCountry "SRB"]
[SourceTitle "playchess.com"]
[Source "ChessBase"]
[SourceQuality "1"]

{[%evp 11,49,25,35,12,10,11,59,28,18,9,10,10,20,4,42,27,23,0,89,0,150,0,0,-21,133,145,210,210,216,215,282,261,670,235,327,229,487,485,974,964]} 1. e4 c5 2. Nf3 e6 3. d4 cxd4 4. Nxd4 Nc6 5. Nc3 Qc7 6. Be3 a6 7. Qf3 $1 {[%mdl 4] is recently more successful than 7.Qd2. B48: Sicilian: Taimanov: 5 Nc3 Qc7 6 Be3 a6 without Be2.} Nf6 8. O-O-O Be7 9. Nxc6 {White is slightly better.} bxc6 10. g4 {With the idea g5.} d5 11. g5 Nd7 12. Kb1 Rb8 {[#]} 13. Bc1 $146 ({Predecessor:} 13. h4 Qa5 14. Bc1 O-O 15. b3 Bd6 16. Bb2 Be5 17. Qe3 Qb6 18. Qd2 Qc7 19. Na4 {1-0 (35) Schaub,J-Dominguez Ortega,L ICCF email 2017}) 13... O-O 14. h4 f5 (14... f6 $11) 15. exf5 (15. exd5 $16 Ne5 16. d6 Bxd6 17. Qg3) 15... exf5 ({Better is} 15... Rxf5 $11 16. Qe2 e5) 16. Bg2 (16. Bf4 $16 Qb7 17. Bxb8 Qxb8 18. Na4) 16... Ne5 $11 17. Qe2 {aiming for Bxd5+!} f4 $2 {[#]} (17... Bd6 $1 $11) 18. Bxd5+ $1 $16 {[%mdl 512]} Kh8 {[#]} (18... cxd5 $16 19. Nxd5 {[%mdl 64] Double Attack} Qd6) 19. f3 $1 $18 Bb4 {Black wants to play ...Bxc3.} 20. Bb3 Bxc3 21. bxc3 {[%cal Bb2c3,Bc3c4][%mdl 32] Black must now prevent Bxf4!} c5 $2 {[#]} (21... Bf5 22. Rhe1 Nd7) 22. Rhe1 $2 (22. Bxf4 $1 {[%mdl 512]} c4 {[%mdl 64] Pin} (22... Rxf4 23. Qxe5) 23. Bxe5) 22... Nc6 23. Bb2 Bb7 $2 (23... Bf5 {is a better defense.} 24. Rd5 (24. Qxa6 Bg6 $16) 24... Na5) 24. h5 Na5 (24... Rf5 $142 25. h6 Ne5) 25. c4 {[%mdl 32768] Accuracy: White = 70%, Black = 29%. . An unexpected result.} 1/2-1/2

[Event "Centralserbian-chT 2020"]
[Site "Bajina basta"]
[Date "2020.10.13"]
[Round "5.5"]
[White "Colovic, Dusan"]
[Black "Radovanovic, Jovica"]
[Result "0-1"]
[WhiteElo "2255"]
[BlackElo "2303"]
[Annotator "TA"]
[PlyCount "88"]
[EventDate "2020.10.10"]
[EventType "team-tourn"]
[EventCountry "SRB"]
[SourceTitle "playchess.com"]
[Source "ChessBase"]
[SourceQuality "1"]

{[%evp 9,88,-9,-7,-5,-22,-4,0,0,0,-13,-8,-32,-40,-42,-39,-51,-46,-58,-61,-75,-57,-76,-75,-95,-95,-93,-98,-112,-97,-164,-158,-159,-110,-171,-158,-157,-169,-166,-167,-139,-152,-161,-141,-144,-127,-149,-131,-225,-220,-278,-268,-288,-288,-284,-206,-277,-253,-334,-300,-423,-437,-714,-714,-714,-705,-704,-696,-665,-681,-650,-650,-612,-480,-476,-456,-555,-554,-554,-543,-645,-635]} 1. d4 Nf6 2. Nc3 d5 3. Bf4 e6 4. e3 a6 5. Nf3 c5 6. dxc5 {D00: 1 d4 d5: Unusual lines.} Bxc5 7. Bd3 Nc6 8. O-O {The position is equal.} Bd6 9. Bg5 h6 {[#]} 10. Bxf6 $146 ({Predecessor:} 10. Bh4 O-O 11. Qe2 Be7 12. Rad1 Qb6 13. Rb1 Rd8 14. Bg3 Nb4 15. Be5 Bd7 16. e4 Nxd3 17. cxd3 dxe4 18. dxe4 {½-½ (37) Koziak,V (2425)-Pacan Milej,K (2348) Ustron 2020}) 10... Qxf6 11. e4 d4 12. Ne2 e5 13. Nd2 O-O 14. Ng3 g6 15. Nc4 Bc7 16. a4 Be6 17. Qd2 Qg5 18. Qe2 h5 19. Nd2 (19. Rfb1 $17 {keeps fighting.}) 19... h4 $19 20. Nh1 Rae8 21. Bc4 {[#]} (21. f3 $17) 21... Bh3 $1 {[%csl Gh3][%cal Rg5g2][%mdl 512]} 22. f4 exf4 $40 {[%mdl 128] And now ...d3! would win. Black attacks with force.} 23. Nf3 d3 {( -> ...Bb6+)} 24. Nxg5 dxe2 25. Bxe2 Bc8 26. Nf2 Kg7 27. Rfd1 Bb6 28. Bd3 (28. Kf1 $17) 28... f6 29. Nf3 h3 $1 30. Kf1 hxg2+ 31. Kxg2 Ne5 32. Nxe5 Rxe5 ({But not} 32... fxe5 33. Be2 $19) 33. Rh1 Bd7 34. Kf3 (34. a5 {is a better defense.} Be3 35. Kf1) 34... f5 {Black is clearly winning.} 35. exf5 (35. Rhf1 $142) 35... Bc6+ 36. Be4 {[#]} Rxe4 $1 {[%mdl 512]} 37. Nxe4 gxf5 {[%mdl 64] Pin} 38. Kxf4 {Black should prevent Rhg1+.} fxe4+ 39. Ke5 Bf2 40. Rhg1+ Bxg1 41. Rxg1+ Kh7 42. Rg3 Rf2 43. Rc3 Rxh2 44. b3 Rf2 {Av CentiPawn Loss W=-27/B=-11. Weighted=-32/-9} 0-1

[Event "Centralserbian-chT 2020"]
[Site "Bajina basta"]
[Date "2020.10.13"]
[Round "5.6"]
[White "Zivkovic, Vladislav"]
[Black "Mijatovic, Dusan"]
[Result "1/2-1/2"]
[WhiteElo "2171"]
[BlackElo "2177"]
[Annotator "TA"]
[PlyCount "106"]
[EventDate "2020.10.10"]
[EventType "team-tourn"]
[EventCountry "SRB"]
[SourceTitle "playchess.com"]
[Source "ChessBase"]
[SourceQuality "1"]

{[%evp 9,106,4,22,21,18,-7,-10,-4,24,5,30,-4,21,16,17,26,84,78,72,9,14,6,15,-17,-33,-28,-26,-96,-53,-110,-114,-149,-148,-141,-144,-214,-219,-325,-297,-423,-428,-421,-429,-364,-316,-391,-393,-410,-374,-479,-357,-344,-210,-189,-41,-48,-56,-56,-49,-92,0,0,0,0,0,0,0,-204,-94,-184,0,0,0,0,0,-2,0,-8,-11,-174,0,0,0,-9,0,0,0,0,0,0,0,0,0,-28000,-28000,-28000,-28000,-28000,-28000]} 1. c4 Nf6 2. g3 c6 3. Nf3 d5 4. b3 Bg4 5. Bg2 Bxf3 6. Bxf3 {A12: English Opening: 1...c6 with b3 by White.} e5 7. d3 Bb4+ 8. Bd2 {[#] The position is equal.} Bc5 $146 {next ...e4 is good for Black.} ({Predecessor:} 8... Bxd2+ 9. Qxd2 O-O 10. cxd5 cxd5 11. Nc3 Nc6 12. O-O Rc8 13. Rac1 Qa5 14. Rfd1 Rcd8 {1-0 (37) Ivacic,V (2264)-Krasevec,V (2007) Bled 2001}) 9. b4 Bd4 10. Bc3 Qb6 11. Bxd4 Qxd4 12. Nd2 e4 (12... dxc4 $11 13. dxc4 O-O) 13. dxe4 $16 dxc4 14. a3 (14. e3 $16 Qe5 15. Nxc4 Qc3+ 16. Nd2) 14... Nbd7 $11 15. e3 Qc3 {And now ...Ne5 would win.} 16. Qc1 (16. Rc1 {is more complex.} Qxa3 17. Nxc4 Qxb4+ 18. Kf1 O-O 19. e5) 16... Qxc1+ 17. Rxc1 b5 18. O-O (18. Ke2 $11) 18... O-O 19. Be2 (19. Bg2 $15) 19... a5 $17 20. f4 axb4 21. axb4 Ra4 22. Rfd1 (22. Nxc4 $17 bxc4 23. Rxc4) 22... Rxb4 $19 23. Nf1 (23. Kf2 $142) 23... Nc5 24. Rd6 (24. e5 $142 Nfe4 25. Bf3) 24... Ncxe4 25. Rxc6 Rb2 26. Bf3 h6 27. g4 Nf2 28. Ra1 N2xg4 29. Ra7 Rb1 {White must now prevent ...Nxe3.} 30. Kg2 Re1 31. e4 Ne3+ (31... h5 $19 32. Rcc7 Ne8) 32. Nxe3 $15 Rxe3 33. e5 Ne4 34. Rcc7 Nd2 (34... g6 $17 35. Bxe4 Rxe4) 35. Bd5 $11 {Threatening e6!} Kh8 (35... Re2+ {with more complications.} 36. Kg3 Kh8 37. Rxf7 Rxf7 38. Rxf7 g5) 36. Rxf7 Rxf7 37. Bxf7 {[%mdl 4096] Endgame Intending Bg6 and mate. KRB-KRN} g5 38. fxg5 $2 (38. f5 $11) 38... Rxe5 (38... hxg5 $19 {Threatens to win with ...b4.} 39. Re7 Nf3) 39. gxh6 {[#]} (39. g6 $17 {was forced.}) 39... Rg5+ $2 (39... Rf5 $1 $19 {Strongly threatening ...c3.} 40. Be6 Rc5) 40. Kh3 c3 41. Rc7 b4 42. Kh4 Nf3+ 43. Kh3 Ne5 44. Be8 $2 {[#]} (44. Bd5 $11 {and White has nothing to worry.}) 44... Ng6 $2 ({Black should play} 44... Nd3 $1 $19 {[%cal Rd3c5]} 45. Ba4 Rc5) 45. Rc4 Rh5+ 46. Kg3 Rxh6 47. Rxb4 Ne5 {...c2 is the strong threat.} 48. Rb8 Rd6 49. Rc8 Kg7 50. Rxc3 $2 {[%mdl 8192]} (50. Bb5 $11) 50... Rd3+ 51. Rxd3 Nxd3 {Mate.} 52. h4 Ne5 53. Kf4 Ng6+ {[%mdl 32768] Av CentiPawn Loss W=-70/B=570. Weighted=-68/1131. An unexpected result.} 1/2-1/2

[Event "Centralserbian-chT 2020"]
[Site "Bajina basta"]
[Date "2020.10.13"]
[Round "5.7"]
[White "Budisavljevic, Luka"]
[Black "Drenchev, Petar"]
[Result "1-0"]
[WhiteElo "2454"]
[BlackElo "2434"]
[Annotator "TA"]
[PlyCount "121"]
[EventDate "2020.10.10"]
[EventType "team-tourn"]
[EventCountry "SRB"]
[SourceTitle "playchess.com"]
[Source "ChessBase"]
[SourceQuality "1"]

{[%evp 14,121,26,0,45,28,58,66,72,76,86,56,62,57,69,62,78,58,68,65,69,50,87,42,45,43,52,58,58,19,53,0,0,0,27,0,0,-10,-19,-33,0,-27,0,0,-9,-47,0,0,0,-39,0,-16,0,0,0,0,0,-91,-29,-27,-34,-137,-8,-51,0,0,0,-59,0,-30,-8,-20,106,91,90,25,220,200,199,0,318,316,273,278,293,278,631,691,652,565,711,226,205,221,729,877,827,823,818,807,1102,606,2089,2222,1839,1686,29986,29987,29989,29990]} 1. d4 Nf6 2. c4 e6 3. Nc3 Bb4 4. e3 c5 5. Nge2 b6 6. a3 Ba5 7. Rb1 Na6 {7...Qe7 injects fresh life into this line.} 8. g3 Bb7 {[#] E42: Nimzo-Indian: Rubinstein: 4...c5 5 Ne2.} 9. d5 $1 {[%mdl 512]} exd5 {Threatens to win with ...d4.} 10. Bg2 Ne4 {White is slightly better.} 11. cxd5 Nxc3 12. bxc3 O-O 13. O-O {[#]} c4 $146 ({Predecessor:} 13... d6 14. c4 Nc7 15. Qc2 Qe7 16. Be4 h6 17. Bb2 Ne8 18. Nc1 Qd7 19. Bh7+ Kh8 {1-0 (45) Timman,J (2569)-Ikonnikov,V (2556) Dieren 2009}) 14. e4 Nc5 15. Be3 Rc8 16. Nd4 d6 17. Rc1 g6 18. h4 Re8 19. Qc2 Qe7 {[%cal Rc5e4]} 20. Rce1 a6 21. Bg5 Qf8 22. h5 (22. a4 $14) 22... b5 $11 23. Qd2 Nd3 24. Rb1 (24. Bf6 $5 {[%cal Rd4f5]} Bd8 25. Bxd8 Rcxd8 26. hxg6 $11) 24... Qg7 25. Ne2 Nc5 26. f3 Na4 {[%cal Ra4c3]} 27. Rbc1 Bb6+ 28. Kh2 Nc5 29. Rc2 Qe5 30. Bh3 Rc7 31. Bf4 Qf6 ({Avoid the trap} 31... Qxh5 $2 32. g4 $18) (31... Nb3 $5 {[%cal Rb3d2]} 32. Bxe5 Nxd2 33. Rxd2 Rxe5 $11) 32. Qd4 Qe7 33. Bh6 {[%csl Gh6][%cal Rd4g7]} Qe5 34. Bf4 Qe7 $1 35. Rh1 (35. hxg6 $11 {keeps the balance.} hxg6 36. Bh6) 35... Nd7 (35... f5 $1 $17 {[%cal Rf5e4]} 36. exf5 gxh5) 36. Qd2 Ne5 ({Of course not} 36... gxh5 $6 37. Nd4 $16) 37. Bg2 (37. Rf1 $15) 37... Qf6 ({Black should play} 37... f5 $17 38. Nd4 fxe4 39. fxe4 Ng4+ 40. Kg1 Nf6) 38. Rf1 Bc5 (38... Bc8 $15) 39. Bg5 $36 {[%mdl 2048] White fights for an advantage.} Qg7 40. Ra2 (40. h6 $11 Qf8 41. Bf6) 40... Nd3 (40... f5 $15 41. h6 Qf8) 41. Nc1 Nxc1 42. Rxc1 Bc8 (42... f6 $11 43. Bh6 Qf7) 43. h6 $1 $16 {[%cal Rh6g7]} Qh8 44. g4 (44. a4 $16) 44... f5 $2 (44... f6 $11 {and Black has nothing to worry.} 45. Bh4 f5) 45. gxf5 $18 gxf5 46. Bh3 $2 (46. f4 $1 $18) 46... Rf7 $2 {[%mdl 8192]} (46... Qe5+ $1 $11 {and Black stays safe.} 47. Bf4 Qf6) 47. Qg2 Kf8 48. Re2 Bxa3 {[#]} 49. Rce1 $1 {Black must now prevent exf5.} Bc5 $2 (49... Qxc3 50. e5 dxe5) 50. f4 Qxc3 51. e5 dxe5 {[#]} 52. fxe5 $2 (52. Bf6 $1 {[%mdl 512]} Ree7 (52... Rxf6 53. Qg7#) 53. d6 Rxf6 54. dxe7+ Kxe7 55. Qg7+ {[%mdl 64] Double Attack} Kd8 56. Qxf6+ {[%mdl 64] Double Attack} Kc7 57. Bxf5 Bxf5 58. Qxf5) 52... f4 {aiming for ...f3.} 53. e6 Qg3+ $2 (53... Bd6 54. Kh1 (54. e7+ $2 Rfxe7 55. Rxe7 f3+ 56. Kg1 Qxe1+ 57. Rxe1 Rxe1+ 58. Qf1 Bc5+ 59. Kh2 Rxf1 $19) 54... Bb7) 54. Qxg3 fxg3+ 55. Kxg3 Bd6+ 56. Kg2 Rc7 57. Rg1 {Hoping for Rf2+.} Bc5 58. Rf1+ Kg8 59. Bf4 Rce7 60. Kh2 Bd4 61. Bd6 {Av CentiPawn Loss W=-36/B=-80. Weighted=-35/-115} 1-0

[Event "Centralserbian-chT 2020"]
[Site "Bajina basta"]
[Date "2020.10.13"]
[Round "5.9"]
[White "Jovanovic, Dusan D"]
[Black "Brkljaca, Ante"]
[Result "1/2-1/2"]
[WhiteElo "2412"]
[BlackElo "2266"]
[Annotator "TA"]
[PlyCount "34"]
[EventDate "2020.10.10"]
[EventType "team-tourn"]
[EventCountry "SRB"]
[SourceTitle "playchess.com"]
[Source "ChessBase"]
[SourceQuality "1"]

{[%evp 11,34,16,27,17,19,18,17,14,22,0,0,-17,10,19,16,0,0,2,5,0,11,0,-8,-11,18]} 1. Nf3 Nf6 2. b3 d6 3. d4 g6 4. Bb2 Bg7 5. g3 c5 6. Bg2 Qa5+ 7. Qd2 {A49: 1 d4 Nf6 2 Nf3 g6 3 g3: Anti-King's Indian systems.} Qxd2+ {The position is equal.} 8. Nbxd2 Na6 9. O-O O-O {[#]} 10. dxc5 $146 ({Predecessor:} 10. c4 cxd4 11. Nxd4 Nc5 12. Rfd1 Bd7 13. Nf1 Rab8 14. Ne3 Rfc8 15. Rac1 {½-½ (15) Hartoch,R (2365)-Watson,W (2500) Wijk aan Zee 1987}) 10... Nxc5 11. a4 Nfe4 12. Bxg7 Kxg7 13. b4 Nxd2 14. Nxd2 Ne6 15. c3 Rb8 16. Nb3 Bd7 17. Rfc1 Bc8 {A rather calm draw. Accuracy: White = 100%, Black = 74%.} 1/2-1/2

[Event "Centralserbian-chT 2020"]
[Site "Bajina basta"]
[Date "2020.10.13"]
[Round "5.10"]
[White "Vojinovic, Luka"]
[Black "Ivanovic, Marko"]
[Result "*"]
[WhiteElo "2271"]
[BlackElo "2277"]
[Annotator "TA"]
[PlyCount "38"]
[EventDate "2020.10.10"]
[EventType "team-tourn"]
[EventCountry "SRB"]
[SourceTitle "playchess.com"]
[Source "ChessBase"]
[SourceQuality "1"]

{[%evp 10,11,23,22]} 1. d4 Nf6 2. Nf3 g6 3. e3 Bg7 4. c4 O-O 5. Be2 d6 6. Nc3 {[#]} {Predecessor:} Nbd7 $146 {E60: King's Indian: Unusual lines and Fianchetto Variation without Nc3.} 7. b3 e5 8. Bb2 Re8 9. Qc2 c6 10. O-O e4 11. Nd2 Qe7 12. b4 Nf8 13. Rfd1 Bf5 14. Nb3 h5 15. d5 h4 16. h3 Rac8 17. dxc6 bxc6 18. a4 N8h7 19. b5 d5 {0-1 (39) Le,Q (2709)-Korobov,A (2688) chess.com INT 2020} *

[Event "Centralserbian-chT 2020"]
[Site "Bajina basta"]
[Date "2020.10.13"]
[Round "5.10"]
[White "Vojinovic, Luka"]
[Black "Ivanovic, Marko"]
[Result "0-1"]
[WhiteElo "2271"]
[BlackElo "2277"]
[Annotator "TA"]
[PlyCount "86"]
[EventDate "2020.10.10"]
[EventType "team-tourn"]
[EventCountry "SRB"]
[SourceTitle "playchess.com"]
[Source "ChessBase"]
[SourceQuality "1"]

{[%evp 10,86,29,27,36,21,14,0,60,26,40,37,29,32,34,18,26,4,16,11,16,-70,45,41,47,29,60,64,85,50,84,103,117,23,23,12,41,0,0,0,0,0,0,0,0,-68,-49,-40,0,-11,0,-41,165,151,151,141,140,-3,0,0,0,0,0,0,0,0,0,0,0,-1464,-27,-1281,-413,-470,-470,-436,-427,-29988,-29989]} 1. d4 Nf6 2. Nf3 g6 3. e3 Bg7 4. c4 O-O 5. Be2 d6 6. Nc3 Nfd7 {E61: King's Indian: Early deviations for White, including Smyslov System.} 7. b4 e5 8. Bb2 f5 {[#]} (8... Nc6 $11) 9. Qb3 $146 ({Predecessor:} 9. dxe5 dxe5 10. Qb3 Kh8 11. O-O c6 12. Rad1 Qc7 13. a4 Nf6 14. c5 e4 15. Nd4 {1-0 (53) Ganci,S (1933)-Primerano,C (1773) Milan 2012}) 9... e4 10. c5+ Kh8 11. Nd2 Nf6 12. h4 h5 13. Bc4 Nc6 14. cxd6 cxd6 15. a4 (15. g3 $11) 15... Qe7 (15... f4 $15) 16. g3 $14 Kh7 17. Ba3 Bh6 18. Nd5 Qd8 19. Rc1 Nxd5 20. Bxd5 Ne7 21. O-O (21. b5 $1 $16) 21... Nxd5 $11 22. Qxd5 Qe7 $1 23. Qa5 b6 24. Qb5 Rf7 25. Rc3 Be6 26. Rfc1 Raf8 27. Qc6 (27. Qe2 $11) 27... Rc8 $15 28. Qb5 Rcf8 29. d5 Bd7 30. Qe2 $1 Rg8 $2 (30... g5 $1 $15 {keeps the upper hand.} 31. Rc7 (31. Qxh5 gxh4 32. Nf1 hxg3 $15) 31... f4 32. Rxd7 (32. Qxh5 fxe3 33. fxe3 gxh4 $17) 32... Qxd7 33. hxg5 fxe3 34. Qxe3 Bg7 35. Qxe4+ Kg8) 31. b5 $1 $18 g5 32. Qxh5 {aiming for Rc7.} gxh4 {[#]} 33. Nf1 ({White should try} 33. Nc4 $1 $16 {[%cal Rc4d6]} Rfg7 34. Bxd6) 33... hxg3 34. Bxd6 ({Don't play} 34. Nxg3 f4 $17) 34... gxf2+ 35. Kxf2 Qxd6 36. Qxf7+ Rg7 37. Qh5 {Black must now prevent Rc6!} f4 38. R1c2 fxe3+ 39. Rxe3 $2 {[%mdl 8192]} (39. Ke1 $11) 39... Bg4 $2 (39... Qf4+ $19 40. Ke1 {[#]} Rg1 $1 {[%mdl 512]}) 40. Qh1 $2 {[%mdl 8192]} (40. Qh4 $11) 40... Rf7+ ({Inferior is} 40... Kg8 41. Qxe4 Bxe3+ 42. Nxe3 $11) (40... Qf6+ $142 41. Ke1 Qa1+ {[%mdl 64] Double Attack} 42. Kf2 Rf7+ 43. Kg2 Rg7) 41. Kg1 {[#]} Rxf1+ $1 {[%mdl 576] Decoy} 42. Kxf1 Qf4+ {[%mdl 64] Double Attack} 43. Rf3 (43. Rf2 $19 Qxe3 44. Qh4 Qc1+ 45. Kg2 Bf3+ 46. Rxf3 exf3+ 47. Kxf3 Qd1+ 48. Kf2 Qd2+ 49. Kf3 Qd1+ 50. Kf2 Qxd5 51. Ke2) 43... Bxf3 {What a bad dream for White. Av CentiPawn Loss W=-99/B=-64. Weighted=-67/-98} 0-1

[Event "Centralserbian-chT 2020"]
[Site "Bajina basta"]
[Date "2020.10.13"]
[Round "5.12"]
[White "Ivanovic, Lazar"]
[Black "Djordjevic, Nebojsa"]
[Result "1-0"]
[WhiteElo "2108"]
[BlackElo "2255"]
[Annotator "TA"]
[PlyCount "87"]
[EventDate "2020.10.10"]
[EventType "team-tourn"]
[EventCountry "SRB"]
[SourceTitle "playchess.com"]
[Source "ChessBase"]
[SourceQuality "1"]

{[%evp 20,87,25,27,50,23,317,327,341,304,332,346,350,307,316,280,306,302,332,309,338,324,411,425,459,448,444,360,367,359,468,464,447,460,461,462,457,452,435,422,508,505,621,643,635,629,627,602,606,597,729,688,704,692,721,714,756,750,708,710,849,809,2202,2061,29991,29992,29992,29992,29992,29993]} 1. d4 d5 2. c4 e6 3. cxd5 exd5 4. Nc3 Nf6 5. Bg5 Be7 6. Qc2 c6 7. e3 Nbd7 8. Bd3 O-O 9. h3 Re8 10. Nf3 Nf8 11. O-O N6d7 {D36: Queen's Gambit Declined: Exchange Variation: Main line (5 Bg5 c6 6 Qc2).} 12. Bf4 {[#]} b6 $146 {[%mdl 8192] [#]} (12... Nb6 $11 {and Black is okay.}) ({Predecessor:} 12... Nb6 13. Rae1 g6 14. Bh6 Ne6 15. Ne5 Ng7 16. g4 Be6 17. f4 f6 18. Bxg6 hxg6 19. Bxg7 Kxg7 20. Qxg6+ Kh8 21. f5 fxe5 22. Qh6+ Kg8 23. Qxe6+ Kh8 24. Qh6+ Kg8 25. f6 Bxf6 26. Rxf6 {1-0 (26) Romanov,E (2616)-Kosiorek,M (2366) Warsaw 2012}) 13. Nxd5 $1 $18 {[%mdl 512]} Bb7 {White has a decisive advantage.} (13... cxd5 14. Bc7) 14. Nc7 {[%mdl 64] Double Attack} Rc8 15. Nxe8 Qxe8 16. Qa4 a6 17. Ne5 ({Inferior is} 17. Bxa6 Ra8 $11) 17... b5 18. Qd1 Nf6 19. Rc1 Nd5 20. Bg3 f6 21. e4 Nc7 22. Nxc6 Bxc6 23. Bxc7 Rxc7 24. d5 Bd6 25. Rxc6 ({Weaker is} 25. dxc6 Bf4 $18) 25... Rxc6 26. dxc6 Qxc6 27. Qb3+ Kh8 28. Qd5 Qc7 29. Rd1 Be5 {[#]} 30. Qa8 $1 {[%cal Ra8f8]} Qe7 31. Qxa6 b4 32. Bc4 g5 33. Qa8 {Hoping for Rd7!} Kg7 34. b3 Kh6 35. Qc8 Bd6 36. Qc6 Be5 37. Rd5 Kg7 38. Rb5 {Threatens to win with Rb7!} Kh6 39. Rb7 Qd8 40. Bd5 g4 41. hxg4 Qa5 42. Qc1+ {White mates.} Kg6 43. Bf7+ Kg7 44. Be8+ {Black did not feel at home in the position after the opening. Av CentiPawn Loss W=-15/B=-98. Weighted=-16/-179} 1-0

[Event "Centralserbian-chT 2020"]
[Site "Bajina basta"]
[Date "2020.10.13"]
[Round "5.13"]
[White "Narancic, Vlado"]
[Black "Delchev, Aleksander"]
[Result "1/2-1/2"]
[WhiteElo "2281"]
[BlackElo "2548"]
[Annotator "TA"]
[PlyCount "35"]
[EventDate "2020.10.10"]
[EventType "team-tourn"]
[EventCountry "SRB"]
[SourceTitle "playchess.com"]
[Source "ChessBase"]
[SourceQuality "1"]

{[%evp 9,35,-22,-12,-29,-27,-14,-27,-25,-17,-26,-21,-37,-22,-17,-17,-24,-21,-29,-27,-41,-47,-54,16,9,25,27,23,16]} 1. Nf3 d5 2. g3 Nd7 3. Bg2 e5 4. d3 Ngf6 5. c3 Bd6 6. Qc2 {A07: Réti Opening: New York and Capablanca Systems.} O-O 7. Nbd2 a5 {[%cal Ba7a5,Ba5a4][%mdl 32]} 8. O-O {Black has an edge.} c6 9. e4 Re8 10. Re1 {[#]} a4 $146 ({Predecessor:} 10... dxe4 11. dxe4 Bc5 12. Nf1 Qc7 13. Nh4 g6 14. Bg5 Ng4 15. Re2 h6 16. Bc1 Bf8 17. h3 Ngf6 {½-½ (96) Halvax,G (2419)-Wagner,D (2568) Austria 2017}) 11. Rb1 dxe4 12. dxe4 b5 13. b4 c5 14. a3 Nb6 15. Bf1 cxb4 (15... c4 $15) 16. cxb4 $11 Bd7 17. Qd3 Qe7 18. Bb2 {Accuracy: White = 100%, Black = 88%.} 1/2-1/2

[Event "Centralserbian-chT 2020"]
[Site "Bajina basta"]
[Date "2020.10.13"]
[Round "5.14"]
[White "Radovanovic, Mihajlo"]
[Black "Djoric, Dusan"]
[Result "1-0"]
[WhiteElo "2457"]
[BlackElo "2303"]
[Annotator "TA"]
[PlyCount "77"]
[EventDate "2020.10.10"]
[EventType "team-tourn"]
[EventCountry "SRB"]
[SourceTitle "playchess.com"]
[Source "ChessBase"]
[SourceQuality "1"]

{[%evp 15,77,-3,15,24,21,18,37,31,30,43,81,82,84,62,86,43,110,113,164,158,277,277,284,298,314,292,502,471,473,473,466,455,441,366,590,598,587,564,536,382,375,362,29937,29944,7676,12798,7738,5716,5043,5043,2585,2349,29962,29962,29959,29960,29960,29966,5904,5302,29979,29980,29982,29983]} 1. Nf3 c5 2. e4 d6 3. g3 Nf6 4. d3 g6 5. Bg2 Nc6 6. O-O Bg7 7. h3 O-O 8. Nc3 {8.Re1 is more fashionable.} Nd4 9. Nxd4 {B25: Closed Sicilian: 3 g3, lines without early Be3.} cxd4 10. Ne2 Qb6 {[#]} 11. a4 $146 {White is slightly better.} ({Predecessor:} 11. c3) 11... a5 12. c3 dxc3 13. bxc3 e5 14. Be3 Qc7 15. f4 Nd7 (15... exf4 $14 16. Bxf4 (16. Nxf4 Qxc3 17. Ne2 Qc7 $14) (16. Rxf4 Bh6 $14) (16. gxf4 Nh5 $14) 16... Nd7) 16. f5 $16 gxf5 (16... Qd8 $16) 17. exf5 $18 (17. Rxf5 $6 Nc5 $14) 17... h6 (17... d5 $16 18. Rb1 (18. Bxd5 Nf6 $16) 18... Nf6) 18. c4 Nf6 19. Nc3 e4 20. dxe4 Qxc4 $2 (20... Bd7 {was necessary.} 21. Rc1 Bc6) 21. Rc1 Qb4 22. Rf4 Qa3 23. Rh4 h5 24. g4 {Threatens to win with g5.} Nxe4 $2 (24... Bd7 {is a better defense.} 25. e5 (25. gxh5 Rfc8 $16) 25... Rfe8) 25. Bxe4 Bxc3 26. Rxh5 Bf6 27. Qf3 {Black must now prevent g5.} Re8 {[#]} 28. g5 $1 {[%cal Rg5f6]} Bd4 $2 (28... Rxe4 $18 29. gxf6 (29. Qxe4 Bxf5 30. Qf3 Be5 $11) 29... Bxf5 30. Rg5+ Kf8) 29. Bxd4 {[%csl Gd4][%cal Rh5h8]} ({Not} 29. Re1 Bxe3+ 30. Rxe3 Qc1+ 31. Kf2 {[#]} d5 $1 $14 {[%mdl 512]}) 29... Qxc1+ 30. Qf1 Qxf1+ 31. Kxf1 {[%csl Gd4][%cal Rh5h8]} Re5 32. Bxe5 dxe5 {[%mdl 4096] Endgame KRB-KRB} 33. f6 Be6 34. Bh7+ Kf8 {[#]} 35. Bf5 $1 {[%cal Rh5h8][%mdl 512]} Kg8 (35... Bxf5 36. Rh8#) 36. Bxe6 fxe6 37. Rh6 b5 38. g6 bxa4 39. Rh7 {White took control after the opening. Av CentiPawn Loss W=131/B=1693. Weighted=19/712} 1-0

[Event "Centralserbian-chT 2020"]
[Site "Bajina basta"]
[Date "2020.10.13"]
[Round "5.15"]
[White "Bozic, Milan"]
[Black "Radovanovic, Nikola"]
[Result "1/2-1/2"]
[WhiteElo "2270"]
[BlackElo "2377"]
[Annotator "TA"]
[PlyCount "17"]
[EventDate "2020.10.10"]
[EventType "team-tourn"]
[EventCountry "SRB"]
[SourceTitle "playchess.com"]
[Source "ChessBase"]
[SourceQuality "1"]

{[%evp 16,17,10,-8]} 1. c4 e5 2. g3 Nf6 3. Bg2 d5 4. cxd5 Nxd5 5. Nc3 Nb6 6. Nf3 Nc6 7. O-O Be7 8. d3 O-O {[#]} 9. b3 $146 ({Predecessor:} 9. Be3 Be6 10. Rc1 Nd5 11. Nxd5 Bxd5 12. Qc2 Re8 13. a3 Qd7 14. Nd2 Rad8 15. Bxd5 Qxd5 16. Qc4 a5 17. Rc2 f5 18. Rfc1 Qxc4 19. Rxc4 {½-½ (67) Carlsen,M (2863)-Nakamura,H (2736) chess24.com INT 2020}) 1/2-1/2